00582nam a2200193 a 450000100060000000300080000600500170001400800410003102000380007203500190011004000270012904100080015608200220016424500840018626000460027030000340031665000180035070000200036860661BD-RjUL20211209080852.0170102s1986 enka b 000 0 eng  a0813371856 (alk. paper) :c$55.00 a(BD-RjUL)60785 aDLCcDLCdBD-RjULbeng aeng00a382223bWOR 198614aThe World gas trade :ba resource for the future /cedited by Melvin A. Conant. aBoulder, Colo. :bWestview Press,cc1986. axiv, 290 p. :bill. ;c24 cm. 0aGas industry.1 aConant, Melvin.